दो हाथ / (Record no. 117269)
[ view plain ]
| 000 -LEADER | |
|---|---|
| fixed length control field | 01006nam a22002657a 4500 |
| 005 - DATE AND TIME OF LATEST TRANSACTION | |
| control field | 20170124103053.0 |
| 010 ## - LIBRARY OF CONGRESS CONTROL NUMBER | |
| LC control number | B-070671 |
| 020 ## - INTERNATIONAL STANDARD BOOK NUMBER | |
| Terms of availability | 125.00 |
| International Standard Book Number | 0188028029 |
| 035 ## - SYSTEM CONTROL NUMBER | |
| System control number | B-070671 |
| 037 ## - SOURCE OF ACQUISITION | |
| Source of stock number/acquisition | Cen Lib/Ret |
| 040 ## - CATALOGING SOURCE | |
| Original cataloging agency | DPL |
| Language of cataloging | HN |
| 082 ## - DEWEY DECIMAL CLASSIFICATION NUMBER | |
| Classification number | क |
| Item number | अहम |
| 100 ## - MAIN ENTRY--PERSONAL NAME | |
| Personal name | अहमद अब्बास |
| 9 (RLIN) | 71074 |
| 245 ## - TITLE STATEMENT | |
| Title | दो हाथ / |
| Statement of responsibility, etc | अहमद अब्बास; अनुवादक एम.नसीम |
| 246 ## - VARYING FORM OF TITLE | |
| Title proper/short title | Do haath / |
| Remainder of title | by Ahmad Abbas; anuvadak M. Naseem |
| 260 ## - PUBLICATION, DISTRIBUTION, ETC. (IMPRINT) | |
| Place of publication, distribution, etc | दिल्ली |
| Name of publisher, distributor, etc | नवप्रभात साहित्य |
| Date of publication, distribution, etc | 2002 |
| 270 ## - ADDRESS | |
| Address | सी-8/174, यमुना विहार |
| City | दिल्ली |
| Postal code | 110053 |
| 300 ## - PHYSICAL DESCRIPTION | |
| Extent | 103पृ. |
| Dimensions | 21सेमी (सजिल्द) |
| 650 ## - SUBJECT ADDED ENTRY--TOPICAL TERM | |
| Topical term or geographic name as entry element | उर्दू साहित्य |
| 9 (RLIN) | 71075 |
| 650 ## - SUBJECT ADDED ENTRY--TOPICAL TERM | |
| Topical term or geographic name as entry element | कहानियां |
| 9 (RLIN) | 71076 |
| 650 ## - SUBJECT ADDED ENTRY--TOPICAL TERM | |
| Topical term or geographic name as entry element | Urdu literature |
| 9 (RLIN) | 71077 |
| 650 ## - SUBJECT ADDED ENTRY--TOPICAL TERM | |
| Topical term or geographic name as entry element | Stories |
| 9 (RLIN) | 7500 |
| 700 ## - ADDED ENTRY--PERSONAL NAME | |
| Personal name | नसीम, एम. |
| 9 (RLIN) | 14217 |
| 942 ## - ADDED ENTRY ELEMENTS (KOHA) | |
| Source of classification or shelving scheme | Dewey Decimal Classification |
| Koha item type | Hindi Books |
| Classification part | क |
| Call number suffix | अहम |
| Withdrawn status | Lost status | Damaged status | Not for loan | Home library | Current library | Date acquired | Source of acquisition | Cost, normal purchase price | Total Checkouts | Full call number | Barcode | Date last seen | Copy number | Cost, replacement price | Price effective from | Koha item type | Public note |
|---|---|---|---|---|---|---|---|---|---|---|---|---|---|---|---|---|---|
| Written off | Central Library | Central Library | 26/08/2015 | Cen Lib/Ret | 125.00 | क अहम | B-070671 | 26/08/2015 | 1 | 125.00 | 26/08/2015 | Hindi Books | Written off on approval by DLB (By Circulation); dtd 15-06-2023 |
